| 000 -ლიდერი |
| ფიქსირებული სიგრძის საკონტროლო ველი |
01280nam a2200253Ia 4500 |
| 001 - საკონტროლო ნომერი |
| საკონტროლო ველი |
7501 |
| 003 - საკონტროლო ნომრის იდენტიფიკატორი |
| საკონტროლო ველი |
GE_BSU |
| 005 - ბოლო ოპერაციის თარიღი და დრო |
| საკონტროლო ველი |
20200110160028.0 |
| 008 - ფიქსირებული სიგრძის მონაცემთა ელემენტები - ზოგადი ინფორმაცია |
| ფიქსირებული სიგრძის საკონტროლო ველი |
181216s2013||||ge |||||||||||||| ||geo|| |
| 020 ## - წიგნის საერთაშორისო სტანდარტული ნომერი |
| International Standard Book Number |
9789941434396 |
| 040 ## - კატალოგიზაციის წყარო |
| Transcribing agency |
GE_BSU |
| 041 ## - ენის კოდი |
| Language code of text/sound track or separate title |
geo |
| 080 ## - უნივერსალური ათობითი კლასიფიკაციის ინდექსი |
| Universal Decimal Classification number |
634.332 ე-13 |
| 100 ## - მთავარი ჩანაწერი - პიროვნების სახელი |
| Personal name |
ებრალიძე, ლეილა |
| 9 (RLIN) |
6075 |
| 245 ## - ცნობა სათაურის შესახებ |
| Title |
მანდარინ "უნშიუს" ამორტიზებული პლანტაციის განახლება აჭარის პირობებში : |
| Remainder of title |
[მონოგრაფია] / |
| Statement of responsibility, etc |
ლეილა ებრალიძე ; რედ.: გივი ჯინჭარაძე, ვალერიან ცანავა. |
| 264 ## - წარმოების, გამოცემის, დისტრიბუციის და სხვა ცნობები |
| გამოცემის, წარმოების, დისტრიბუციის... ადგილი |
ბათუმი : |
| გამოცემის, წარმოების, დისტრიბუციის... სახელწოდება |
შოთა რუსთაველის სახ. უნ–ტი, |
| გამოცემის, წარმოების, დისტრიბუციის... თარიღი |
2013. |
| 300 ## - ფიზიკური აღწერა |
| Extent |
112 გვ.; |
| Other physical details |
20 სმ. |
| 504 ## - BIBLIOGRAPHY, ETC. NOTE |
| Bibliography, etc |
ბიბლიოგრ.: გვ. 108-112. |
| 520 ## - SUMMARY, ETC. |
| Summary, etc |
რეზ. ინგლ. |
| 653 ## - INDEX TERM--UNCONTROLLED |
| Uncontrolled term |
მანდარინის აგროტექნიკა |
| 700 ## - ADDED ENTRY--PERSONAL NAME |
| Personal name |
ჯინჭარაძე, გივი |
| Relator term |
რედაქტორი |
| 9 (RLIN) |
6076 |
| 700 ## - ADDED ENTRY--PERSONAL NAME |
| Personal name |
ცანავა, ვალერიან |
| Relator term |
რედაქტორი |
| 9 (RLIN) |
23 |
| 942 ## - ADDED ENTRY ELEMENTS (KOHA) |
| Koha item type |
წიგნი |
| Source of classification or shelving scheme |
|